[Event "Bydgoszcz op U18"]
[Site "Bydgoszcz"]
[Date "2010.01.22"]
[Round "9"]
[White "Budnik, Mateusz"]
[Black "Mikolajczak, Wojciech"]
[Result "1/2-1/2"]
[WhiteElo "1600"]
[BlackElo "1580"]
[PlyCount "61"]
[EventDate "2010.01.18"]
[EventType "swiss"]
[EventRounds "9"]
[EventCountry "POL"]
[SourceTitle "EXT 2013"]
[Source "ChessBase"]
[SourceDate "2012.11.22"]
[SourceVersion "1"]
[SourceVersionDate "2012.11.22"]
[SourceQuality "1"]

1. e4 e6 2. d4 d5 3. e5 c5 4. c3 Qb6 5. Nf3 Nc6 6. Bd3 Bd7 7. Bc2 cxd4 8. cxd4 Bb4+ 9. Nc3 Rc8 10. 0-0 Bxc3 11. bxc3 Nge7 12. Qd3 Na5 13. Rb1 Qc7 14. Bd2 Nc4 15. Bc1 Na5 16. Bb2 Nc4 17. Rfc1 Nxb2 18. Rxb2 b6 19. Bb3 Nc6 20. Re2 Na5 21. Re3 Nc4 22. Bxc4 Qxc4 23. Qb1 Bb5 24. Nd2 Qc6 25. Rh3 g6 26. Re1 Bc4 27. Nxc4 Qxc4 28. Ree3 b5 29. a3 a5 30. g4 Rb8 31. Rd3 1/2-1/2

[Event "Bydgoszcz op U18"]
[Site "Bydgoszcz"]
[Date "2010.01.18"]
[Round "1"]
[White "Mikolajczak, Wojciech"]
[Black "Kotula, Konrad"]
[Result "0-1"]
[WhiteElo "1580"]
[BlackElo "1804"]
[PlyCount "64"]
[EventDate "2010.01.18"]
[EventType "swiss"]
[EventRounds "9"]
[EventCountry "POL"]
[SourceTitle "EXT 2013"]
[Source "ChessBase"]
[SourceDate "2012.11.22"]
[SourceVersion "1"]
[SourceVersionDate "2012.11.22"]
[SourceQuality "1"]

1. c4 c5 2. Nc3 Nf6 3. g3 d5 4. cxd5 Nxd5 5. Bg2 Nc7 6. d3 e6 7. Bf4 Bd6 8. Bxd6 Qxd6 9. Nf3 Nc6 10. 0-0 0-0 11. Ne4 Qe7 12. Rc1 b6 13. a3 Bb7 14. Qb3 Na5 15. Qd1 Rac8 16. Nfd2 Rfd8 17. Nb3 Nxb3 18. Qxb3 Bd5 19. Qc2 Nb5 20. e3 Qb7 21. f4 f5 22. Ng5 Bxg2 23. Qxg2 Qxg2+ 24. Kxg2 Rxd3 25. Kf3 h6 26. Nh3 Nd4+ 27. Kf2 Rd2+ 28. Ke1 Nb3 29. Rc3 Rxb2 30. Nf2 Rd8 31. Nd1 Rb1 32. Ke2 Rd2+ 0-1